Benennung - deutsche Autobahnen - Statistiken

Allgemein
  • Dieses Quiz wurde 139 mal gespielt
  • Das Durchschnittsergebnis liegt bei 67 aus 120
Antwortstatistiken
Hint Antwort % Korrekt
A 1
100%
A 10
100%
A 12
100%
A 13
100%
A 2
100%
A 3
100%
A 4
100%
A 5
100%
A 6
100%
A 7
100%
A 8
100%
A 9
100%
A 11
99%
A 14
99%
A 15
98%
A 17
96%
A 20
96%
A 19
95%
A 21
95%
A 23
95%
A 24
94%
A 25
93%
A 26
93%
A 27
93%
A 28
93%
A 29
93%
A 30
93%
A 31
93%
A 33
92%
A 36
91%
A 38
91%
A 39
91%
A 40
91%
A 37
90%
A 42
90%
A 43
89%
A 44
89%
A 45
88%
A 46
88%
A 48
87%
A 100
86%
A 49
86%
A 52
86%
A 57
85%
A 60
85%
A 61
85%
A 62
85%
A 67
85%
A 59
84%
A 63
84%
A 64
84%
A 65
84%
A 71
84%
A 72
84%
A 73
84%
A 81
84%
A 99
84%
A 66
83%
A 70
83%
A 96
83%
A 92
82%
A 93
82%
A 95
82%
A 98
82%
A 94
81%
A 103
67%
A 111
67%
A 113
61%
A 115
56%
A 114
55%
A 117
55%
A 143
30%
A 995
25%
A 555
23%
A 210
19%
A 215
14%
A 559
13%
A 535
12%
A 661
12%
A 226
11%
A 261
11%
A 445
11%
A 448
11%
A 553
11%
A 565
11%
A 656
10%
A 560
9%
A 650
9%
A 255
8%
A 270
8%
A 280
8%
A 369
7%
A 562
7%
A 659
7%
A 281
6%
A 620
6%
A 831
6%
A 980
6%
A 352
5%
A 485
5%
A 516
5%
A 544
5%
A 671
5%
A 672
5%
A 293
4%
A 391
4%
A 392
4%
A 480
4%
A 542
4%
A 571
4%
A 573
4%
A 602
4%
A 623
4%
A 643
4%
A 648
4%
A 861
4%
A 864
4%
A 524
3%
A 952
3%
A 64a
0%
Keine übereinstimmenden Quizze gefunden
Verteilung der Resultate
Anzahl Personen mit jedem Resultat
Perzentil nach korrekt beantworteten Fragen
Ihre Resultats-Entwicklung
Sie haben dieses Quiz noch nicht gespielt